Uvedenie dôvodov aktivizácie študentov

Informácie o projekte KEGA 042EU-4/2014, ktorý sa venuje výchove k podnikaniu. Realizácia prieskumu za účelom zhodnotenia silných a slabých stránok výchovy k podnikaniu na vysokých školách v SR. Problém nezamestnanosti absolventov vysokých škôl. Príprava študentov počas štúdia tak, aby boli schopní...

Descripción completa

Guardado en:
Detalles Bibliográficos
Autor principal: Šúbertová, Elena
Formato: Capítulo de libro
Lenguaje:eslovaco
Materias:
Etiquetas: Agregar Etiqueta
Sin Etiquetas, Sea el primero en etiquetar este registro!

MARC

LEADER 00000naa$a2200000$$$4500
001 0209382
005 20240502073459.0
041 0 |a slo 
044 |a SK 
245 1 0 |a Uvedenie dôvodov aktivizácie študentov  |c Elena Šúbertová 
520 |a Informácie o projekte KEGA 042EU-4/2014, ktorý sa venuje výchove k podnikaniu. Realizácia prieskumu za účelom zhodnotenia silných a slabých stránok výchovy k podnikaniu na vysokých školách v SR. Problém nezamestnanosti absolventov vysokých škôl. Príprava študentov počas štúdia tak, aby boli schopní založiť a riadiť podnikateľský subjekt. 
610 2 0 |a vzdelávanie vysokoškolské 
610 2 0 |a podnikanie 
610 2 0 |a absolventi 
610 2 0 |a projekty 
100 1 |a Šúbertová, Elena